[Event "SVK-ch op"]
[Site "Banska Stiavnica"]
[Date "2013.07.14"]
[Round "9"]
[White "Uhrin, Milan"]
[Black "Horak, Miroslav"]
[Result "0-1"]
[WhiteElo "1394"]
[BlackElo "1823"]
[PlyCount "128"]
[EventDate "2013.07.06"]
[EventType "swiss"]
[EventRounds "9"]
[EventCountry "SVK"]
[SourceTitle "CBM 155 Extra"]
[Source "ChessBase"]
[SourceDate "2013.08.26"]
[SourceVersion "1"]
[SourceVersionDate "2013.08.26"]
[SourceQuality "1"]

1. e4 c5 2. c3 d6 3. d4 cxd4 4. cxd4 Nf6 5. Nc3 a6 6. a4 e6 7. Bd3 Be7 8. e5 Nd5 9. Qg4 Bf8 10. Nf3 Nxc3 11. bxc3 Qc7 12. Bd2 Nc6 13. 0-0 dxe5 14. dxe5 Nxe5 15. Nxe5 Qxe5 16. Rfe1 Qd5 17. Qd4 Qxd4 18. cxd4 Be7 19. Bc4 0-0 20. Bb3 Rd8 21. Bc3 Bf6 22. Rad1 b6 23. Re3 Bb7 24. Kf1 Rac8 25. Ba1 Bd5 26. Bxd5 Rxd5 27. Rb3 b5 28. axb5 axb5 29. Ke2 Bg5 30. Bc3 f5 31. g3 Rcd8 32. f4 Be7 33. Rd3 Kf7 34. h4 Ra8 35. Rd2 Ra3 36. Rdb2 Rxb3 37. Rxb3 h6 38. Kd3 g5 39. hxg5 hxg5 40. Bd2 Kg6 41. Rb1 Bf6 42. Be3 g4 43. Ra1 Kf7 44. Ra7+ Ke8 45. Rh7 Rd7 46. Rh1 Rb7 47. Rh6 Rf7 48. Bd2 Kd7 49. Bc3 Be7 50. Rh1 Kc6 51. Re1 Kd7 52. Re5 b4 53. Bb2 Bd6 54. Re3 Rh7 55. Bc1 Rh1 56. Kc2 Kc6 57. Rxe6 Kd5 58. Re2 Rg1 59. Re3 Kc4 60. Rd3 Rg2+ 61. Bd2 b3+ 62. Rxb3 Rxd2+ 63. Kxd2 Kxb3 64. Ke3 Kb4 0-1

[Event "SVK-ch op"]
[Site "Banska Stiavnica"]
[Date "2013.07.06"]
[Round "1"]
[White "Uhrin, Milan"]
[Black "Chmielewski, Jakub"]
[Result "0-1"]
[WhiteElo "1394"]
[BlackElo "1880"]
[PlyCount "78"]
[EventDate "2013.07.06"]
[EventType "swiss"]
[EventRounds "9"]
[EventCountry "SVK"]
[SourceTitle "CBM 155 Extra"]
[Source "ChessBase"]
[SourceDate "2013.08.26"]
[SourceVersion "1"]
[SourceVersionDate "2013.08.26"]
[SourceQuality "1"]

1. e4 c5 2. c3 d6 3. d4 Nf6 4. dxc5 dxc5 5. Qxd8+ Kxd8 6. e5 Nfd7 7. Nf3 Nc6 8. Bf4 e6 9. Nbd2 b6 10. Bb5 Bb7 11. 0-0 a6 12. Bxc6 Bxc6 13. Rad1 h6 14. h4 Be7 15. h5 g5 16. hxg6 fxg6 17. Nh2 g5 18. Bg3 h5 19. f4 h4 20. Bxh4 gxh4 21. Nc4 Kc7 22. Ne3 Rag8 23. Rd2 Rg3 24. Nhg4 Rg8 25. Kh2 R3xg4 26. Nxg4 Rxg4 27. Rff2 c4 28. b4 cxb3 29. axb3 Nc5 30. Ra2 Nd3 31. Rfd2 Nxf4 32. Rxa6 Rxg2+ 33. Rxg2 Nxg2 34. Ra2 Ne1 35. Ra7+ Bb7 36. Kh3 Nf3 37. Ra1 Nxe5 38. Re1 Nd3 39. Re3 Nf2+ 0-1

[Event "Budapest Karacsonyi op 3rd"]
[Site "Budapest"]
[Date "2011.12.28"]
[Round "3"]
[White "Horvath, Zoltan1111"]
[Black "Uhrin, Milan"]
[Result "1-0"]
[WhiteElo "1543"]
[BlackElo "1404"]
[PlyCount "95"]
[EventDate "2011.12.27"]
[EventType "swiss"]
[EventRounds "7"]
[EventCountry "HUN"]
[SourceTitle "EXT 2020"]
[Source "ChessBase"]
[SourceDate "2019.10.17"]
[SourceVersion "1"]
[SourceVersionDate "2019.10.17"]
[SourceQuality "1"]

1. e4 e5 2. Nf3 Nc6 3. Bb5 Bc5 4. 0-0 Nf6 5. Re1 d6 6. c3 Ng4 7. d4 exd4 8. cxd4 Bb6 9. h3 a6 10. Qa4 Bd7 11. Bxc6 Bxc6 12. Qc2 Nf6 13. d5 Bd7 14. e5 Nxd5 15. exd6+ Be6 16. dxc7 Bxc7 17. Ng5 Qd7 18. Nd2 Rc8 19. Qe4 Nf6 20. Qf3 0-0 21. Nde4 Nxe4 22. Qxe4 Bf5 23. Qf3 h6 24. Ne4 Rfe8 25. Bf4 Bxe4 26. Rxe4 Rxe4 27. Qxe4 Bb6 28. Re1 Rd8 29. Qc2 Ba5 30. Rc1 Qe6 31. b3 b5 32. a4 bxa4 33. bxa4 g5 34. Be3 Rb8 35. Rb1 Rc8 36. Qe2 Bc7 37. Qg4 Re8 38. g3 Qg6 39. Rc1 Bd8 40. Qd7 Qe6 41. Qxe6 Rxe6 42. Rc8 Rd6 43. Kg2 Kg7 44. Bc5 Rd7 45. Ra8 a5 46. Ra6 Rd2 47. Bb6 Bxb6 48. Rxb6 1-0